[Event "St Petersburg Korchnoi Memorial op"]
[Site "St Petersburg"]
[Date "2023.08.21"]
[Round "6"]
[White "Dneprov, Andrey"]
[Black "Shimanskaia, Tatiana"]
[Result "1-0"]
[WhiteElo "1763"]
[BlackElo "1531"]
[PlyCount "120"]
[EventDate "2023.08.18"]
[EventType "swiss"]
[EventRounds "9"]
[EventCountry "RUS"]
[SourceTitle "EXT 2024"]
[Source "ChessBase"]
[SourceDate "2023.10.10"]
[SourceVersion "1"]
[SourceVersionDate "2023.10.10"]
[SourceQuality "1"]

1. e4 c5 2. Nf3 d6 3. c3 Nf6 4. h3 g6 5. Bd3 Bg7 6. Bc2 e5 7. 0-0 0-0 8. d3 Nc6 9. Be3 Re8 10. a4 b6 11. Re1 d5 12. exd5 Nxd5 13. Bg5 f6 14. Bh4 Kh8 15. Na3 Bb7 16. Nc4 Qd7 17. a5 b5 18. Ncd2 f5 19. c4 Nc7 20. cxb5 Nxb5 21. Nc4 Nbd4 22. Ba4 Nxf3+ 23. Qxf3 Qc7 24. a6 e4 25. dxe4 Bxa6 26. exf5 Nd4 27. Qd5 Bxc4 28. Qxc4 Rxe1+ 29. Rxe1 Nxf5 30. Qe4 Rf8 31. Bg5 Bd4 32. Bf4 Qg7 33. b3 Qf6 34. Be5 Bxe5 35. Qxe5 Qxe5 36. Rxe5 Rd8 37. Rxc5 Rd1+ 38. Kh2 Rd2 39. Rc8+ Kg7 40. Rc7+ Kh6 41. Rxa7 Rxf2 42. Bc6 Rb2 43. Rb7 Ne3 44. b4 Kg5 45. Kg3 Nf5+ 46. Kh2 h5 47. b5 h4 48. Rd7 Ng3 49. Rd5+ Kf4 50. Rd4+ Kg5 51. Rg4+ Kh5 52. Be8 Nf1+ 53. Kg1 Ne3 54. Rxg6 Rb1+ 55. Kf2 Rf1+ 56. Kxe3 Rf3+ 57. Ke4 Rf4+ 58. Ke5 Rf5+ 59. Kd6 Rd5+ 60. Ke7 Rd7+ 1-0

[Event "St Petersburg Korchnoi Memorial op"]
[Site "St Petersburg"]
[Date "2023.08.18"]
[Round "1"]
[White "Sek, Konstantin"]
[Black "Dneprov, Andrey"]
[Result "1-0"]
[WhiteElo "2419"]
[BlackElo "1763"]
[PlyCount "63"]
[EventDate "2023.08.18"]
[EventType "swiss"]
[EventRounds "9"]
[EventCountry "RUS"]
[SourceTitle "EXT 2024"]
[Source "ChessBase"]
[SourceDate "2023.10.10"]
[SourceVersion "1"]
[SourceVersionDate "2023.10.10"]
[SourceQuality "1"]

1. e4 c6 2. d4 d5 3. exd5 cxd5 4. c4 g6 5. Nc3 Bg7 6. Nxd5 Be6 7. Qb3 Bxd5 8. cxd5 Nd7 9. Nf3 Qb6 10. Bb5 Ngf6 11. 0-0 0-0 12. Re1 Qd6 13. Bd2 Nxd5 14. a4 a6 15. Bc4 N7b6 16. Bf1 e6 17. Ne5 Rfd8 18. Rac1 Nd7 19. Bg5 Re8 20. Nc4 Qb8 21. Ne3 Nxe3 22. fxe3 b6 23. Bc4 Qd6 24. Rf1 Rf8 25. Rc2 h6 26. Bh4 Ra7 27. Rcf2 Raa8 28. Qd3 a5 29. Qe4 Rac8 30. Ba6 Rce8 31. Bb5 e5 32. Bc4 1-0